| 000 | 01049nam a2200289Ia 4500 | ||
|---|---|---|---|
| 005 | 20211111074536.0 | ||
| 008 | 130821s2005 sp gr spa | ||
| 020 | _a8477208190 | ||
| 040 |
_aCo-BoUCM _bspa |
||
| 041 | 0 | 0 | _aspa |
| 100 | 1 |
_aCarrión López, Salvador A. _9163289 |
|
| 245 | 1 | 0 |
_aProgramación Neuro Lingüística curso de practitioner _cSalvador A. Carrión López |
| 246 | _aManual de formación en las técnicas PNL | ||
| 250 | _a4a. ed. | ||
| 260 |
_aBarcelona (España) _bEdiciones Obelisco _c2005 |
||
| 300 | _a454 páginas | ||
| 490 | _aColección Obelisco Psicología | ||
| 650 | 0 | 4 |
_aAdministración de empresas _9435 |
| 650 | 0 | 4 |
_aÉxito _915413 |
| 650 | 0 | 4 |
_aÉxito en los negocios _915417 |
| 650 | 0 | 4 |
_aProgramación neurolingüística _922504 |
| 650 | 0 | 4 |
_aPsicología _98001 |
| 710 |
_aInstituto Español de Programación Neuro-Lingüística _9163290 |
||
| 830 |
_aBibliografía Básica Medio Universitario. _929597 |
||
| 942 |
_cLIBRO _a16 _e4 _mC318p _2DEWEY _h650.1 |
||
| 999 |
_c51744 _d51744 |
||